00724nam a2200205Ia 450000500170000000800410001702000340005804000190009204100120011108200160012324501050013926000470024430000290029144000600032050400470038065000240042765100310045170000260048285000100050820221021102147.0131103s9999 xx 000 0 und d a81-7022-654-6 (Set)cRs. 1100 aLoreto College aEnglish a155.28bPES aThird handbook of psychological and social instrumentscedited and compiled by Prof. D. M. Pestonjee aNew DelhibConcept Publishing Comanyc1997 a2 vols., tables 22.5 cm. aConcepts in Communication Informatics and Librarianship aIncludes Instrument index and Author index aPsychological Tests aPsychology-Developmental  aPestonjee, D. M., ed. aLCLIB